[Event "Kimry Summer op 63rd"]
[Site "Kimry"]
[Date "2012.06.09"]
[Round "3"]
[White "Polikarpov, Evgeni"]
[Black "Protasov, Sergey"]
[Result "0-1"]
[WhiteElo "2082"]
[BlackElo "1568"]
[PlyCount "38"]
[EventDate "2012.06.08"]
[EventType "swiss"]
[EventRounds "7"]
[EventCountry "RUS"]
[SourceTitle "EXT 2014"]
[Source "ChessBase"]
[SourceDate "2013.11.20"]
[SourceVersion "1"]
[SourceVersionDate "2013.11.20"]
[SourceQuality "1"]

1. c4 c5 2. Nf3 e6 3. d4 cxd4 4. Nxd4 Nf6 5. Nc3 a6 6. Bg5 Be7 7. e3 d6 8. Bd3 0-0 9. 0-0 Qc7 10. Rc1 Nbd7 11. Qe2 b6 12. f4 Bb7 13. e4 Qc5 14. Kh1 Qxd4 15. Rcd1 Qc5 16. b4 Qxb4 17. e5 dxe5 18. fxe5 Qxc3 19. exf6 Nxf6 0-1

[Event "Kimry Summer op 63rd"]
[Site "Kimry"]
[Date "2012.06.08"]
[Round "2"]
[White "Kroll, Dmitry V"]
[Black "Polikarpov, Evgeni"]
[Result "1-0"]
[WhiteElo "1763"]
[BlackElo "2082"]
[PlyCount "45"]
[EventDate "2012.06.08"]
[EventType "swiss"]
[EventRounds "7"]
[EventCountry "RUS"]
[SourceTitle "EXT 2014"]
[Source "ChessBase"]
[SourceDate "2013.11.20"]
[SourceVersion "1"]
[SourceVersionDate "2013.11.20"]
[SourceQuality "1"]

1. e4 e5 2. Nf3 Nc6 3. d4 exd4 4. Nxd4 Bc5 5. Be3 Qf6 6. c3 Nge7 7. Be2 d5 8. 0-0 0-0 9. Nxc6 Qxc6 10. Bxc5 Qxc5 11. exd5 Nxd5 12. Nd2 Bf5 13. Nb3 Qd6 14. Nd4 Bg6 15. Bd3 c5 16. Bxg6 hxg6 17. Nf3 Rad8 18. Qb3 Nf4 19. Rad1 Qe6 20. Rxd8 Rxd8 21. Qxb7 Rd7 22. Qc8+ Kh7 23. Ng5+ 1-0